Apostar no es juego : (Registro nro. 32495)
[ vista simple ]
| 000 -CABECERA | |
|---|---|
| campo fijo de control de longitud | 01321nab a2200277 4500 |
| 003 - IDENTIFICADOR DEL NÚMERO DE CONTROL | |
| campo de control | AR-RoBPED |
| 005 - FECHA Y HORADE LA ULTIMA TRANSACCION | |
| campo de control | 20260401120914.0 |
| 008 - ELEMENTOS DE LONGITUD FIJA--INFORMACION GENERAL | |
| campo fijo de control de longitud | 260401b |||||||| |||| 00| 0 spa d |
| 040 ## - FUENTE CATALOGADORA | |
| Centro catalogador/agencia de origen | AR-RoBPED |
| 041 ## - IDIOMA | |
| Código de idioma para texto/pista de sonido o título independiente | spa |
| 100 1# - ENCABEZAMIENTO PRINCIPAL--AUTOR PERSONAL | |
| Nombre de persona | Alonso, Constanza |
| 9 (RLIN) | 30683 |
| Función | Licenciada en Ciencia Política |
| 245 1# - TITULO | |
| Título | Apostar no es juego : |
| Subtítulo | consumo problemático de apuestas en línea de adolescentes y jóvenes / |
| 260 ## - PUBLICACION | |
| Lugar | Buenos Aires : |
| Editor | Noveduc, |
| Fecha | 2025 |
| 300 ## - DESCRIPCION FISICA | |
| Extensión | 16-20 p. |
| 500 ## - NOTA GENERAL | |
| Nota general | Los autores dan cuenta de una investigación federal sobre apuestas online en el universo de adolescentes y jóvenes de 15 a 29 años cuyo propósito es visibilizar el problema, construir una evidencia empírica mediante un método científico y contribuir al diseño de políticas públicas. |
| 650 #7 - TERMINO DE MATERIA--CONTROLADO | |
| Término controlado | LUDOPATÍA |
| 9 (RLIN) | 30037 |
| Término controlado | PROBLEMAS SOCIALES |
| 9 (RLIN) | 922 |
| Término controlado | INVESTIGACION SOCIAL |
| 9 (RLIN) | 5776 |
| Término controlado | JUEGO |
| 9 (RLIN) | 374 |
| Término controlado | ADOLESCENTES |
| 9 (RLIN) | 2906 |
| 700 1# - ENCABEZAMIENTO SECUNDARIO--AUTOR PERSONAL | |
| Nombre de persona | Cabani, Fernando |
| 9 (RLIN) | 30684 |
| Función | Licenciado en Servicio Social |
| Nombre de persona | Romeo, Martín |
| 9 (RLIN) | 30685 |
| Función | Licenciado en Ciencias de la Comunicación |
| 773 0# - DOCUMENTO FUENTE | |
| Host Biblionumber | 20414 |
| Host Itemnumber | 41867 |
| Place, publisher, and date of publication | Buenos Aires : Noveduc, 1993- |
| Título | Novedades Educativas |
| Record control number | (AR-RoBPED)20414 |
| International Standard Serial Number | 03283534 |
| 942 ## - ELEMENTOS KOHA | |
| Fuente de clasificación | Universal Decimal Classification |
| Koha tipo de ítem | Revistas |
| Clasificación | 37(05) |
| Signatura librística | Nov 86 N° 400 (Feb.2025) |
| Número Koha | k.32495 |
| 945 ## - PROCESAMIENTO DE LA INFORMACIÓN LOCAL | |
| Catalogador y fecha | mar 03/2026 |
No hay ítems disponibles.